Dokedy budeme čakať na zníženie úrokových sadzieb? Pohľad na financie v niekoľkých variantoch

Vysoké úroky z úverov bránia získavať prostriedky na realizáciu výroby a obchodu. Rentabilita v nefinančných organizáciách je 30-krát nižšia ako vo finančných organizáciách. Hlavným zdrojom zisku sú úroky. Banky SR brzdia rozvoj hospodárskej činnosti. Odvetvia s najvyšším ziskom. Platobná neschopnos...

ver descrição completa

Na minha lista:
Detalhes bibliográficos
Autor principal: Sojka, Jozef
Formato: Capítulo de Livro
Idioma:eslovaco
Assuntos:
Tags: Adicionar Tag
Sem tags, seja o primeiro a adicionar uma tag!

MARC

LEADER 00000naa a2200000 4500
001 r017893
005 20221205101804.7
041 0 |a slo 
044 |a SK 
245 1 0 |a Dokedy budeme čakať na zníženie úrokových sadzieb?  |b Pohľad na financie v niekoľkých variantoch  |c Jozef Sojka 
520 |a Vysoké úroky z úverov bránia získavať prostriedky na realizáciu výroby a obchodu. Rentabilita v nefinančných organizáciách je 30-krát nižšia ako vo finančných organizáciách. Hlavným zdrojom zisku sú úroky. Banky SR brzdia rozvoj hospodárskej činnosti. Odvetvia s najvyšším ziskom. Platobná neschopnosť. Lacnejší úver v zahraničí. Podnikové banky. Direktívne alebo liberálne zníženie úrokových sadzieb. 
610 2 0 |a Slovensko 
610 2 0 |a bankovníctvo 
610 2 0 |a úrok 
610 2 0 |a úver bankový 
610 2 0 |a sadzby úrokové 
610 2 0 |a sadzby diskontné 
610 2 0 |a rentabilita podniku 
610 2 0 |a banky 
610 2 0 |a zisk 
610 2 0 |a insolventnosť 
610 2 0 |a miera úroková 
610 2 0 |a sporiteľne 
100 1 |a Sojka, Jozef